000 00611nam a2200169 a 4500
001 000029612
005 20251120073733.0
008 110419s2000 dr a 000 0 spa d
040 _aDO-SdBNP
_bspa
_cBNPHU
100 1 _aGarcía Romero, Gladys Graciela
_917396
245 1 0 _aAprendo a convivir :
_borientaciones pedagógicas /
_cGladys Graciela García Romero.
260 _aSanto Domingo :
_bPUCAMM,
_c2000.
_fEditroa G&G
300 _a22 p. :
_bil. ;
_c28 cm.
710 2 _aCentro de Educación Cívica de Los Angeles
_956431
710 2 _aPontificia Universidad Católica Madre y Maestra
_9843
049 _aBNPD
999 _c29104
_d29104